01027nam a2200169Ia 4500020001800000082001900018245008400037250000900121260002900130300000800159500053000167504002200697650003100719650005300750650001400803710004000817 a3-598-24502-5 aRR 060.05 YEA- 0aYearbook of international organizations: guide to global civil society networks a39th aMunchenbK.G. Saurc2002 a5v. aContents: Vol.1.(A-Ins) Organization descriptions and cross-references(xii, 1241p.) - v.1.B(Ins-Z)Organization descriptions and cross-references(viii,1243-2674p.) - v.2.Geographic volume-International organization participation: country directory of secretariats and membership(xiv, 1633p.) - v.3.Subject volume-Global action networks: classified directory and index(xiv, 1858p.) - v.4.Bibliographic volume-International organization bibliography and resources(x, 636p.) - v.5.Statistics, visualizations and patterns(450p.) aIncludes appendix aInternational Organization aInternational agencies - Periodicals - 2002-2003 aYearbooks aUnion of International Associations